| 000 | 00707cam a2200193 4500 | ||
|---|---|---|---|
| 001 | D7663 | ||
| 008 | 090401t1984 xxu||||| |||| 00| 0 eng d | ||
| 035 | _a(Sirsi) u8763 | ||
| 041 | _aeng | ||
| 050 | _a526.0285 | ||
| 110 |
_aOrdnance Survey _91860 |
||
| 245 | _aReport of a study of user needs for data digitised from small scale maps / compiled from reports on sub - studies by [the] Ordanance Survey, Beaton Research Associates Ltd [and] Natural Environment Research Council | ||
| 260 |
_aSouthampton _bOrdnance Survey _c1984 |
||
| 300 | _aiii. 29p. 30cm | ||
| 350 | _a5 | ||
| 520 | _aCover title: Report of the small scales digital map data: user needs survey | ||
| 942 | _n0 | ||
| 948 | _c04/03/1997 | ||
| 999 |
_c86558 _d86558 |
||